[Event "18th Prague Open-A 2019"]
[Site "Prague"]
[Date "2019.01.17"]
[Round "8"]
[White "Xiang, Zeyu"]
[Black "Gschnitzer, Adrian"]
[Result "1-0"]
[WhiteElo "2440"]
[BlackElo "2368"]
[Annotator "NA"]
[PlyCount "109"]
[EventDate "2019.01.11"]
[EventType "swiss"]
[EventCountry "CZE"]
[SourceTitle "playchess.com"]
[Source "ChessBase"]
[SourceQuality "1"]
[TimeControl "40/5400+30:1800+30"]

1. d4 {[%emt 0:00:00]} Nf6 {[%emt 0:00:00]} 2. c4 {[%emt 0:00:00]} c5 {[%emt 0:00:00]} 3. d5 {[%emt 0:00:00]} b5 {[%emt 0:00:00]} 4. cxb5 a6 5. bxa6 {[%emt 0:00:00]} g6 {[%emt 0:00:17]} 6. Nc3 {[%emt 0:00:06]} Bg7 {[%emt 0:00:08]} 7. e4 {[%emt 0:00:05]} O-O {[%emt 0:00:11]} 8. Be2 {[%emt 0:00:05]} Qa5 {[%emt 0:00:15]} 9. Bd2 {[%emt 0:00:07]} Bxa6 {[%emt 0:00:15]} 10. e5 {[%emt 0:00:06]} Ne8 {[%emt 0:00:12]} 11. Nf3 {[%emt 0:00:07]} d6 {[%emt 0:00:21]} 12. e6 {[%emt 0:00:11]} Bxe2 {[%emt 0:00:12]} 13. Qxe2 {[%emt 0:04:51]} Qa6 {[%emt 0:00:08]} 14. exf7+ {[%emt 0:02:28]} Rxf7 {[%emt 0:00:12]} 15. Ng5 {[%emt 0:11:10]} Qxe2+ {[%emt 0:00:11]} 16. Kxe2 {[%emt 0:00:03]} Rf5 {[%emt 0:00:12]} 17. Nge4 {[%emt 0:13:39]} Nc7 {[%emt 0:01:55]} 18. g4 {[%emt 0:01:34]} Rf8 {[%emt 0:04:01]} 19. a3 {[%emt 0:03:21]} Nd7 {[%emt 0:00:54]} 20. b4 {[%emt 0:23:10]} e6 {[%emt 0:20:08]} 21. bxc5 {[%emt 0:05:13]} exd5 {[%emt 0:00:32]} 22. cxd6 {[%emt 0:01:59]} Nb5 {[%emt 0:18:10]} 23. Nxd5 {[%emt 0:06:18]} Bxa1 {[%emt 0:00:47]} 24. Rxa1 {[%emt 0:00:05]} Rxa3 {[%emt 0:00:38]} 25. Rxa3 {[%emt 0:08:42]} Nxa3 {[%emt 0:00:02]} 26. Ne7+ {[%emt 0:01:45]} Kf7 {[%emt 0:00:44]} 27. Ng5+ {[%emt 0:00:10]} Ke8 {[%emt 0:00:19]} 28. Nxh7 {[%emt 0:06:43]} Rh8 {[%emt 0:00:29]} 29. Ng5 {[%emt 0:04:52]} Rxh2 {[%emt 0:00:09]} 30. Bf4 {[%emt 0:00:16]} Rh4 {[%emt 0:01:12]} 31. f3 {[%emt 0:00:50]} Nc4 {[%emt 0:02:02]} 32. Nd5 {[%emt 0:05:53]} Rh1 {[%emt 0:01:34]} 33. Nc7+ {[%emt 0:00:56]} Kd8 {[%emt 0:04:17]} 34. Nf7+ {[%emt 0:01:02]} Kc8 {[%emt 0:00:16]} 35. Nd5 {[%emt 0:00:55]} Nc5 {[%emt 0:27:58]} 36. Ne7+ {[%emt 0:00:25]} Kd7 {[%emt 0:00:04]} 37. Nxg6 {[%emt 0:00:13]} Ke6 {[%emt 0:00:09]} 38. Ng5+ {[%emt 0:00:27]} Kf6 {[%emt 0:00:06]} 39. Ne7 {[%emt 0:00:26]} Ra1 {[%emt 0:03:44]} 40. Nd5+ {[%emt 0:00:34]} Kg6 {[%emt 0:00:17]} 41. Nc3 {[%emt 0:02:58]} Nb2 {[%emt 0:08:03]} 42. Nge4 {[%emt 0:04:01]} Ne6 {[%emt 0:01:17]} 43. Bg3 {[%emt 0:07:39]} Kf7 {[%emt 0:06:46]} 44. f4 {[%emt 0:01:20]} Ra5 {[%emt 0:01:08]} 45. f5 {[%emt 0:01:40]} Nd4+ {[%emt 0:02:27]} 46. Ke3 {[%emt 0:00:10]} Nxf5+ {[%emt 0:06:49]} 47. gxf5 {[%emt 0:00:05]} Rxf5 {[%emt 0:00:07]} 48. Kd4 {[%emt 0:00:26]} Rh5 {[%emt 0:01:22]} 49. Bf4 {[%emt 0:04:53]} Rh1 {[%emt 0:03:28]} 50. d7 {[%emt 0:06:59]} Ke7 {[%emt 0:00:36]} 51. Nc5 {[%emt 0:00:23]} Rh4 {[%emt 0:01:17]} 52. Nd5+ {[%emt 0:00:06]} Kd8 {[%emt 0:00:09]} 53. Ke3 {[%emt 0:00:31]} Nc4+ {[%emt 0:01:32]} 54. Ke2 {[%emt 0:01:22]} Rh5 {[%emt 0:02:08]} 55. Bc7# 1-0

[Event "18th Prague Open-A 2019"]
[Site "Prague"]
[Date "2019.01.17"]
[Round "8"]
[White "Plischki, Sebastian"]
[Black "Kulhanek, Tomas"]
[Result "1-0"]
[WhiteElo "2426"]
[BlackElo "2303"]
[Annotator "NA RC"]
[PlyCount "73"]
[EventDate "2019.01.11"]
[EventType "swiss"]
[EventCountry "CZE"]
[SourceTitle "playchess.com"]
[Source "ChessBase"]
[SourceQuality "1"]
[TimeControl "40/5400+30:1800+30"]

1. d4 {[%emt 0:00:00]} g6 {[%emt 0:00:00]} 2. e4 {[%emt 0:00:00]} Bg7 {[%emt 0:00:00]} 3. Nc3 {[%emt 0:00:00]} d6 {[%emt 0:00:33]} 4. f4 {[%emt 0:00:13]} Nf6 {[%emt 0:01:17]} 5. Nf3 {[%emt 0:00:14]} c5 {[%emt 0:00:46]} 6. Bb5+ {[%emt 0:00:36]} Nbd7 {[%emt 0:01:14]} 7. e5 {[%emt 0:01:34]} Ng8 {[%emt 0:06:35]} 8. dxc5 {[%emt 0:02:51]} dxc5 {[%emt 0:02:44]} 9. Be3 {[%emt 0:00:58]} Nh6 {[%emt 0:07:47]} 10. Bxc5 {[%emt 0:02:10]} O-O {[%emt 0:00:11]} 11. Bf2 {[%emt 0:01:04]} Ng4 {[%emt 0:01:04]} 12. O-O {[%emt 0:01:58]} Nxf2 {[%emt 0:02:54]} 13. Rxf2 {[%emt 0:00:06]} Nb6 {[%emt 0:01:29]} 14. a4 {[%emt 0:03:41]} Be6 {[%emt 0:02:08]} 15. Ng5 {[%emt 0:05:32]} Nd5 {[%emt 0:02:47]} 16. Nxe6 {[%emt 0:04:26]} fxe6 {[%emt 0:00:03]} 17. Qg4 {[%emt 0:06:24]} Nxc3 {[%emt 0:03:49]} 18. Qxe6+ {[%emt 0:00:35]} Kh8 {[%emt 0:00:05]} 19. bxc3 {[%emt 0:00:05]} Qc7 {[%emt 0:00:30]} 20. Raf1 {[%emt 0:04:54]} Rad8 {[%emt 0:02:01]} 21. Bd3 {[%emt 0:01:19]} Qd7 {[%emt 0:01:57]} 22. Qxd7 {[%emt 0:01:58]} Rxd7 {[%emt 0:00:02]} 23. h4 {[%emt 0:01:02]} Rc7 {[%emt 0:03:35]} 24. c4 {[%emt 0:01:26]} Rc6 {[%emt 0:05:05]} 25. Rb1 {[%emt 0:01:03]} b6 {[%emt 0:01:42]} 26. g4 {[%emt 0:01:23]} e6 {[%emt 0:01:47]} 27. Kg2 {[%emt 0:00:30]} Rf7 {[%emt 0:04:40]} 28. Kg3 {[%emt 0:00:44]} Rc5 {[%emt 0:03:16]} 29. Rb5 {[%emt 0:02:34]} Bf8 {[%emt 0:02:12]} 30. Rh2 {[%emt 0:01:35]} Rxb5 {[%emt 0:05:07]} 31. cxb5 {[%emt 0:00:17]} Bb4 {[%emt 0:00:35]} 32. Kf3 {[%emt 0:05:19]} Kg7 {[%emt 0:05:02]} 33. Bc4 {[%emt 0:01:22]} Re7 {[%emt 0:02:34]} 34. h5 {[%emt 0:00:49]} gxh5 {[%emt 0:03:50]} 35. Rxh5 {[%emt 0:00:14]} h6 {[%emt 0:00:14]} 36. Ke4 {[%emt 0:00:34]} Bc3 {[%emt 0:02:13]} 37. Rh3 {[%emt 0:00:17]} 1-0

[Event "18th Prague Open-A 2019"]
[Site "Prague"]
[Date "2019.01.17"]
[Round "8"]
[White "Lalic, Bogdan"]
[Black "Bednar, Marcel"]
[Result "1-0"]
[WhiteElo "2418"]
[BlackElo "2268"]
[Annotator "NA"]
[PlyCount "83"]
[EventDate "2019.01.11"]
[EventType "swiss"]
[EventCountry "CZE"]
[SourceTitle "playchess.com"]
[Source "ChessBase"]
[SourceQuality "1"]
[TimeControl "40/5400+30:1800+30"]

1. d4 {[%emt 0:03:51]} Nf6 {[%emt 0:00:00]} 2. c4 {[%emt 0:00:04]} g6 {[%emt 0:00:00]} 3. Nf3 {[%emt 0:00:06]} Bg7 {[%emt 0:00:00]} 4. g3 {[%emt 0:00:06]} O-O {[%emt 0:03:39]} 5. Bg2 {[%emt 0:00:10]} d6 {[%emt 0:01:01]} 6. Nc3 {[%emt 0:00:07]} Nbd7 {[%emt 0:01:02]} 7. O-O {[%emt 0:00:12]} e5 {[%emt 0:00:23]} 8. e4 {[%emt 0:00:14]} c6 {[%emt 0:01:02]} 9. Be3 {[%emt 0:00:18]} Ng4 {[%emt 0:02:58]} 10. Bg5 {[%emt 0:00:07]} f6 {[%emt 0:01:54]} 11. Bd2 {[%emt 0:00:25]} f5 {[%emt 0:01:22]} 12. exf5 {[%emt 0:02:54]} gxf5 {[%emt 0:02:32]} 13. Ne2 {[%emt 0:01:00]} Qe8 {[%emt 0:11:38]} 14. Nh4 {[%emt 0:13:40]} Ndf6 {[%emt 0:06:38]} 15. Bb4 {[%emt 0:02:11]} Ne4 {[%emt 0:13:08]} 16. f3 {[%emt 0:22:24]} Ne3 {[%emt 0:06:05]} 17. Qd3 {[%emt 0:00:04]} Nxg2 {[%emt 0:03:10]} 18. Kxg2 {[%emt 0:03:12]} a5 {[%emt 0:10:08]} 19. Ba3 {[%emt 0:01:46]} exd4 {[%emt 0:15:02]} 20. fxe4 {[%emt 0:00:07]} fxe4 {[%emt 0:03:07]} 21. Rxf8+ {[%emt 0:00:14]} Kxf8 {[%emt 0:01:22]} 22. Bxd6+ {[%emt 0:00:13]} Kg8 {[%emt 0:00:08]} 23. Qa3 {[%emt 0:10:46]} b5 {[%emt 0:02:46]} 24. Qc5 {[%emt 0:00:47]} d3 {[%emt 0:02:43]} 25. Nf4 {[%emt 0:01:17]} e3 {[%emt 0:00:24]} 26. Be7 {[%emt 0:01:58]} e2 {[%emt 0:04:03]} 27. Nxd3 {[%emt 0:00:34]} bxc4 {[%emt 0:03:30]} 28. Qxc4+ {[%emt 0:08:57]} Kh8 {[%emt 0:00:21]} 29. Nf4 {[%emt 0:00:27]} c5 {[%emt 0:02:55]} 30. Qxe2 {[%emt 0:01:03]} Bb7+ {[%emt 0:01:12]} 31. Nf3 {[%emt 0:00:44]} Qc6 {[%emt 0:00:17]} 32. Kf2 {[%emt 0:07:29]} Re8 {[%emt 0:00:41]} 33. Ne5 {[%emt 0:06:42]} Qc7 {[%emt 0:00:34]} 34. Bd6 {[%emt 0:00:28]} Qc8 {[%emt 0:00:43]} 35. Re1 {[%emt 0:00:21]} Bc6 {[%emt 0:00:29]} 36. Qc4 {[%emt 0:00:34]} Qb7 {[%emt 0:00:28]} 37. Nf7+ {[%emt 0:00:39]} Qxf7 {[%emt 0:00:28]} 38. Qxf7 {[%emt 0:00:04]} Bd4+ {[%emt 0:00:30]} 39. Kf1 {[%emt 0:00:06]} Bb5+ {[%emt 0:00:23]} 40. Kg2 {[%emt 0:00:22]} Bc6+ {[%emt 0:00:23]} 41. Kh3 {[%emt 0:30:08]} Rxe1 {[%emt 0:30:42]} 42. Qf8# {[%emt 0:00:04]} 1-0

[Event "18th Prague Open-A 2019"]
[Site "Prague"]
[Date "2019.01.17"]
[Round "8"]
[White "Spiess, Gunter"]
[Black "Kulkarni Bhakti"]
[Result "1/2-1/2"]
[WhiteElo "2414"]
[BlackElo "2303"]
[Annotator "TA"]
[PlyCount "83"]
[EventDate "2019.01.11"]
[EventType "swiss"]
[EventCountry "CZE"]
[SourceTitle "playchess.com"]
[Source "ChessBase"]
[SourceQuality "1"]

{[%evp 18,83,19,14,18,15,40,45,46,22,52,53,62,64,68,62,70,63,66,61,64,56,93,79,93,44,89,85,108,106,110,108,133,102,133,107,124,124,115,128,181,124,119,119,118,101,109,101,126,120,121,118,126,125,218,217,206,168,190,109,119,55,56,0,117,0,25,0]} 1. d4 d5 2. c4 e6 3. Nc3 Nf6 4. Bg5 Be7 5. e3 O-O 6. Nf3 h6 7. Bh4 Ne4 8. Bxe7 Qxe7 9. Rc1 Nxc3 10. Rxc3 dxc4 {D56: Queen's Gambit Declined: Lasker Defence} (10... c6 11. g4 dxc4 12. Bxc4 Nd7 13. g5 hxg5 14. Rg1 f6 15. h4 g4 16. Rxg4 Nb6 17. Bb3 Nd5 18. Rc1 e5 {½-½ (36) Wojtaszek,R (2733)-Jakovenko,D (2712) Poikovsky 2016}) 11. Bxc4 b6 12. O-O Bb7 {White is slightly better.} 13. Qe2 Nd7 14. Bb5 c5 15. Bxd7 Qxd7 16. dxc5 bxc5 $146 ({Predecessor:} 16... Rfc8 17. Rfc1 bxc5 18. Rxc5 Rxc5 19. Rxc5 Rd8 20. Nd4 Qd6 21. Qb5 {1-0 (54) Alsina Leal,D (2550)-Klein,D (2498) Barcelona 2014}) 17. Rxc5 Rac8 18. Rfc1 Rxc5 19. Rxc5 Rc8 20. Rxc8+ Qxc8 21. h3 Qc6 22. Qd2 a6 23. a3 g6 24. Ne1 Qb6 25. f3 a5 26. Qd4 Qb3 27. Nd3 {Strongly threatening Ne5.} Qd1+ 28. Kh2 Bd5 (28... Qd2 $16) 29. Ne5 (29. b4 $18) 29... Qxd4 $16 30. exd4 {[%mdl 4096] Endgame KB-KN} a4 31. Kg3 Kf8 32. h4 Ke7 33. f4 Be4 34. Kf2 f6 35. Nc4 $1 h5 (35... g5 $16 {keeps fighting.}) 36. Nd2 $1 $18 {[%cal Rd2e4]} Bc2 37. Ke3 Kd6 38. Nc4+ (38. Ne4+ $18 Kd5 39. Nxf6+ Kc4 40. Kd2) 38... Kd5 $16 {[#]} 39. Nb6+ (39. Na5 $1 $16) 39... Kc6 $14 40. Nc4 (40. Kd2 $1 $14 Bb3 41. Nc8) 40... Kd5 $16 {[#]} 41. Nb6+ (41. Na5 $1 $16) 41... Kc6 $11 42. Nc4 {Accuracy: White = 51%, Black = 54%.} 1/2-1/2

[Event "18th Prague Open-A 2019"]
[Site "Prague"]
[Date "2019.01.17"]
[Round "8"]
[White "Roeder, Matthias"]
[Black "Qiu, Mengjie"]
[Result "1/2-1/2"]
[WhiteElo "2396"]
[BlackElo "2247"]
[Annotator "NA"]
[PlyCount "84"]
[EventDate "2019.01.11"]
[EventType "swiss"]
[EventCountry "CZE"]
[SourceTitle "playchess.com"]
[Source "ChessBase"]
[SourceQuality "1"]
[TimeControl "40/5400+30:1800+30"]

1. Nf3 {[%emt 0:00:00]} Nf6 {[%emt 0:00:00]} 2. g3 {[%emt 0:00:00]} e6 {[%emt 0:00:00]} 3. Bg2 {[%emt 0:00:00]} d5 {[%emt 0:00:03]} 4. O-O {[%emt 0:00:22]} c5 {[%emt 0:00:03]} 5. d4 {[%emt 0:00:29]} Nc6 {[%emt 0:00:18]} 6. c4 {[%emt 0:00:43]} dxc4 {[%emt 0:00:06]} 7. dxc5 {[%emt 0:00:54]} Bxc5 {[%emt 0:07:14]} 8. Qxd8+ {[%emt 0:01:49]} Kxd8 {[%emt 0:00:12]} 9. Nbd2 {[%emt 0:00:45]} Ke7 {[%emt 0:01:16]} 10. Nxc4 {[%emt 0:01:52]} Rd8 {[%emt 0:05:02]} 11. b3 {[%emt 0:05:51]} Bd7 {[%emt 0:04:41]} 12. Bb2 {[%emt 0:00:47]} Rac8 {[%emt 0:04:22]} 13. Rac1 {[%emt 0:03:32]} b6 {[%emt 0:04:12]} 14. a3 {[%emt 0:18:40]} a5 {[%emt 0:02:15]} 15. Rc2 {[%emt 0:14:25]} b5 {[%emt 0:05:40]} 16. Ncd2 {[%emt 0:00:22]} Bb6 {[%emt 0:02:53]} 17. Rfc1 {[%emt 0:03:24]} e5 {[%emt 0:03:19]} 18. e3 {[%emt 0:01:08]} Nd5 {[%emt 0:17:18]} 19. Bxe5 {[%emt 0:12:56]} Nxe3 {[%emt 0:03:28]} 20. fxe3 {[%emt 0:02:10]} Bxe3+ {[%emt 0:00:23]} 21. Kf1 {[%emt 0:01:52]} Nxe5 {[%emt 0:04:06]} 22. Nxe5 {[%emt 0:02:14]} Bxd2 {[%emt 0:00:45]} 23. Rxc8 {[%emt 0:00:31]} Bxc8 {[%emt 0:00:12]} 24. Nc6+ {[%emt 0:01:57]} Kf6 {[%emt 0:01:42]} 25. Rc5 {[%emt 0:02:42]} Re8 {[%emt 0:01:15]} 26. Rc2 {[%emt 0:00:57]} Be3 {[%emt 0:02:15]} 27. Nxa5 {[%emt 0:00:16]} Bf5 {[%emt 0:00:50]} 28. Rc6+ {[%emt 0:00:20]} Ke5 {[%emt 0:11:09]} 29. Bf3 {[%emt 0:03:03]} Bh3+ {[%emt 0:03:49]} 30. Ke2 {[%emt 0:01:42]} Bg1 {[%emt 0:02:55]} 31. Kd2 {[%emt 0:01:45]} Bd7 {[%emt 0:01:53]} 32. Rc7 {[%emt 0:02:07]} Kd6 {[%emt 0:04:09]} 33. Rxd7+ {[%emt 0:01:13]} Kxd7 {[%emt 0:00:13]} 34. Bc6+ {[%emt 0:00:06]} Ke7 {[%emt 0:00:08]} 35. Bxe8 {[%emt 0:00:08]} Kxe8 {[%emt 0:00:05]} 36. h3 {[%emt 0:01:08]} Kd7 {[%emt 0:03:10]} 37. b4 {[%emt 0:05:51]} f5 {[%emt 0:01:57]} 38. Nb3 {[%emt 0:06:23]} Bf2 {[%emt 0:02:16]} 39. g4 {[%emt 0:00:07]} f4 {[%emt 0:00:13]} 40. Kd3 {[%emt 0:01:16]} Be3 {[%emt 0:02:19]} 41. h4 {[%emt 0:30:43]} g6 {[%emt 0:31:24]} 42. Ke4 {[%emt 0:01:07]} Kc6 {[%emt 0:00:00]} 1/2-1/2

[Event "18th Prague Open-A 2019"]
[Site "Prague"]
[Date "2019.01.17"]
[Round "8"]
[White "Zhang, Ziji"]
[Black "Ajay Krishna, S."]
[Result "1/2-1/2"]
[WhiteElo "2387"]
[BlackElo "2289"]
[Annotator "NA"]
[PlyCount "156"]
[EventDate "2019.01.11"]
[EventType "swiss"]
[EventCountry "CZE"]
[SourceTitle "playchess.com"]
[Source "ChessBase"]
[SourceQuality "1"]
[TimeControl "40/5400+30:1800+30"]

1. d4 {[%emt 0:00:00]} Nf6 {[%emt 0:00:32]} 2. c4 {[%emt 0:00:00]} c5 {[%emt 0:00:16]} 3. d5 {[%emt 0:00:34]} b5 {[%emt 0:00:15]} 4. cxb5 {[%emt 0:00:30]} a6 {[%emt 0:00:10]} 5. bxa6 {[%emt 0:00:16]} e6 {[%emt 0:00:09]} 6. Nc3 {[%emt 0:00:46]} exd5 {[%emt 0:00:40]} 7. Nxd5 {[%emt 0:00:11]} Nxa6 {[%emt 0:00:13]} 8. Bg5 {[%emt 0:01:13]} Be7 {[%emt 0:00:10]} 9. Nxe7 {[%emt 0:00:24]} Qxe7 {[%emt 0:00:04]} 10. Nf3 {[%emt 0:00:33]} O-O {[%emt 0:01:05]} 11. e3 {[%emt 0:00:16]} Bb7 {[%emt 0:00:19]} 12. Be2 {[%emt 0:00:30]} d6 {[%emt 0:02:13]} 13. O-O {[%emt 0:00:44]} h6 {[%emt 0:00:13]} 14. Bh4 {[%emt 0:03:29]} g5 {[%emt 0:03:01]} 15. Bg3 {[%emt 0:00:13]} Ne4 {[%emt 0:00:08]} 16. Nd2 {[%emt 0:02:26]} Nxg3 {[%emt 0:01:48]} 17. hxg3 {[%emt 0:00:07]} d5 {[%emt 0:02:03]} 18. a3 {[%emt 0:06:41]} Nc7 {[%emt 0:06:02]} 19. Re1 {[%emt 0:03:46]} Ne6 {[%emt 0:00:46]} 20. Nf3 {[%emt 0:04:50]} Rfb8 {[%emt 0:07:27]} 21. b4 {[%emt 0:06:29]} cxb4 {[%emt 0:02:26]} 22. axb4 {[%emt 0:00:08]} Qxb4 {[%emt 0:00:55]} 23. Rb1 {[%emt 0:04:18]} Qd6 {[%emt 0:05:08]} 24. Nd4 {[%emt 0:02:52]} Qe5 {[%emt 0:02:21]} 25. Nxe6 {[%emt 0:11:29]} Qxe6 {[%emt 0:06:01]} 26. Bf3 {[%emt 0:02:42]} Bc6 {[%emt 0:07:33]} 27. Qd4 {[%emt 0:01:10]} Qd6 {[%emt 0:03:44]} 28. Rxb8+ {[%emt 0:09:36]} Rxb8 {[%emt 0:00:02]} 29. Rd1 {[%emt 0:01:43]} Rb4 {[%emt 0:06:22]} 30. Qd2 {[%emt 0:01:51]} Qb8 {[%emt 0:04:04]} 31. Bxd5 {[%emt 0:10:16]} Bxd5 {[%emt 0:00:03]} 32. Qxd5 {[%emt 0:00:05]} Rb1 {[%emt 0:00:09]} 33. Kh2 {[%emt 0:00:20]} Rxd1 {[%emt 0:00:11]} 34. Qxd1 {[%emt 0:00:04]} Qb2 {[%emt 0:08:40]} 35. Qd8+ {[%emt 0:03:21]} Kh7 {[%emt 0:00:26]} 36. Qd3+ {[%emt 0:00:07]} Kg8 {[%emt 0:00:13]} 37. Qf5 {[%emt 0:00:11]} Qe2 {[%emt 0:03:06]} 38. g4 {[%emt 0:05:06]} Qb2 {[%emt 0:00:07]} 39. Kh3 {[%emt 0:06:21]} Qa1 {[%emt 0:01:33]} 40. Kg3 {[%emt 0:01:18]} Qc3 {[%emt 0:00:20]} 41. Qd5 {[%emt 0:30:48]} Qc7+ {[%emt 0:33:29]} 42. Kh3 {[%emt 0:00:14]} Qb6 {[%emt 0:02:56]} 43. Qe5 {[%emt 0:00:28]} Qa6 {[%emt 0:07:47]} 44. Kg3 {[%emt 0:03:58]} Qb6 {[%emt 0:09:06]} 45. Kh2 {[%emt 0:01:40]} Qb4 {[%emt 0:01:31]} 46. Qd4 {[%emt 0:00:17]} Qe7 {[%emt 0:00:39]} 47. Kh3 {[%emt 0:02:48]} Qe6 {[%emt 0:03:10]} 48. Kg3 {[%emt 0:00:39]} Qe7 {[%emt 0:00:14]} 49. f4 {[%emt 0:02:08]} gxf4+ {[%emt 0:00:11]} 50. exf4 {[%emt 0:00:05]} Qe1+ {[%emt 0:02:10]} 51. Kf3 {[%emt 0:01:00]} Qf1+ {[%emt 0:00:44]} 52. Qf2 {[%emt 0:00:04]} Qc4 {[%emt 0:01:51]} 53. Qe3 {[%emt 0:00:56]} Qc6+ {[%emt 0:00:39]} 54. Kg3 {[%emt 0:00:06]} Qd7 {[%emt 0:00:00]} 55. Qe5 {[%emt 0:00:00]} Qd3+ {[%emt 0:00:00]} 56. Kh2 {[%emt 0:00:00]} Qd1 {[%emt 0:00:00]} 57. Kh3 {[%emt 0:00:00]} Qd3+ {[%emt 0:00:00]} 58. Kh4 {[%emt 0:00:00]} Qf1 {[%emt 0:00:00]} 59. Qe4 {[%emt 0:00:00]} Qh1+ {[%emt 0:00:00]} 60. Kg3 {[%emt 0:00:00]} Qd1 {[%emt 0:00:00]} 61. Qe8+ {[%emt 0:00:00]} Kg7 {[%emt 0:00:00]} 62. Qe5+ {[%emt 0:00:00]} Kg8 {[%emt 0:00:00]} 63. Qf6 {[%emt 0:00:00]} Qh1 {[%emt 0:00:00]} 64. Qd8+ {[%emt 0:00:00]} Kg7 {[%emt 0:00:00]} 65. Qd4+ {[%emt 0:00:00]} Kg8 {[%emt 0:00:00]} 66. Qf6 {[%emt 0:00:00]} Kf8 {[%emt 0:00:00]} 67. Qh8+ {[%emt 0:00:00]} Ke7 {[%emt 0:00:00]} 68. Qe5+ {[%emt 0:00:00]} Kf8 {[%emt 0:00:00]} 69. f5 {[%emt 0:00:00]} Qc1 {[%emt 0:00:00]} 70. f6 {[%emt 0:00:00]} Qc8 {[%emt 0:00:00]} 71. Qf4 {[%emt 0:00:00]} Qc3+ {[%emt 0:00:00]} 72. Kh2 {[%emt 0:00:00]} Kg8 {[%emt 0:00:00]} 73. g5 {[%emt 0:00:00]} Qc5 {[%emt 0:00:00]} 74. Qe4 {[%emt 0:01:21]} hxg5 {[%emt 0:00:35]} 75. Qe8+ {[%emt 0:00:45]} Qf8 {[%emt 0:00:57]} 76. Qxf8+ {[%emt 0:01:53]} Kxf8 {[%emt 0:00:02]} 77. Kg3 {[%emt 0:00:14]} Ke8 {[%emt 0:00:14]} 78. Kg4 {[%emt 0:00:31]} Kd7 1/2-1/2

[Event "18th Prague Open-A 2019"]
[Site "Prague"]
[Date "2019.01.17"]
[Round "8"]
[White "Vokac, Marek"]
[Black "Chudinovskikh, Alexander M"]
[Result "1/2-1/2"]
[WhiteElo "2380"]
[BlackElo "2184"]
[Annotator "TA"]
[PlyCount "149"]
[EventDate "2019.01.11"]
[EventType "swiss"]
[EventCountry "CZE"]
[SourceTitle "playchess.com"]
[Source "ChessBase"]
[SourceQuality "1"]

{[%evp 21,149,-16,-7,-43,-29,-27,-9,-20,0,-16,-18,-23,-16,-31,0,-72,-59,-72,-43,-95,-90,-81,-78,-81,-59,-67,-70,-120,-117,-121,-125,-133,-131,-118,-139,-150,-71,-80,-24,-125,-128,-251,-246,-317,-319,-312,-316,-334,-328,-276,-175,-168,-10,-214,-214,-214,-214,-214,-214,-214,-214,-214,-214,-214,-214,-226,-226,-222,-214,-214,-214,-256,-254,-243,-214,-200,-203,-251,-243,-255,-239,-239,-218,-220,-135,-135,-135,-135,-135,-141,-135,-135,-135,-135,-135,-135,-135,-135,-135,-135,-135,-135,-135,-135,-135,-135,-135,-135,-135,-142,-18,-18,0,0,0,0,0,0,0,0,0,0,0,0,0,0,0,0,0,0]} 1. d4 d5 2. c4 dxc4 3. Nf3 c5 4. d5 e6 5. e4 exd5 6. exd5 Nf6 7. Nc3 Bd6 8. Bxc4 O-O 9. O-O h6 {D24: Queen's Gambit Accepted: 3 Nf3 Nf6 4 Nc3} (9... Bg4 10. h3 Bh5 11. Bg5 h6 12. Bh4 Nbd7 13. Ne4 Bf4 14. Re1 g5 15. Bg3 Ne5 16. Be2 Nxe4 17. Bxf4 Nxf3+ 18. Bxf3 Bxf3 19. Qxf3 f5 20. Qh5 gxf4 21. Qg6+ {½-½ (21) Akopian,V (2698)-Shirov,A (2730) Ohrid 2009}) 10. h3 a6 11. a4 Bf5 {LiveBook: 4 Games} 12. Bd3 Bxd3 13. Qxd3 Nbd7 14. Be3 Re8 15. Rad1 $146 ({Predecessor:} 15. Qf5 Ne5 16. Nd2 {0-1 (44) Ferro,M (2235)-Amato,A (2267) Palermo 2007}) 15... Rc8 16. Nh4 Ne5 17. Qc2 g6 18. g3 (18. Bxh6 $11 {keeps the balance.} Nfg4 19. Bf4 Qxh4 20. Bg3) 18... Kh7 19. Kg2 c4 20. Qd2 (20. b3 $15) 20... Bf8 21. Nf3 Nxf3 22. Kxf3 Qd7 $1 23. Kg2 b5 24. axb5 axb5 25. Qd4 Bg7 26. Qb6 {[#]} Rb8 $1 $36 {[%cal Rb8b6][%mdl 2048] Black is really pushing.} 27. Qc6 b4 28. Ne2 Qxc6 (28... Rbd8 $142 {[%cal Rf6d5]} 29. Qxc4 Nxd5) 29. dxc6 $17 {[#]} Rbc8 (29... Rec8 $1 $17 30. Rd6 Ne8) 30. Nd4 (30. Rd7 $11) 30... Nd5 31. Nb5 (31. Nc2 $17 {keeps fighting.} Red8 32. Bd4) 31... Rxe3 $19 32. Na7 Rc7 ({Don't go for} 32... Rd8 $2 33. fxe3 Nxe3+ 34. Kf3 $18) 33. Rxd5 Ree7 34. Nb5 Rxc6 35. Nd4 Bxd4 36. Rxd4 {[%mdl 4096] Endgame KRR-KRR} c3 $2 ({Black should try} 36... Re2 $19 37. Rc1 Rf6) 37. bxc3 $2 (37. Rxb4 $11 {and White is okay.} c2 38. Rc1) 37... bxc3 38. Rc1 c2 39. Rd2 Rec7 40. Kf3 Kg7 41. Rd3 Kf6 42. Ke2 Rc5 43. Kd2 h5 44. Ke2 Kg5 45. Rd4 Kf5 46. Kf3 Rc3+ 47. Ke2 R7c5 48. Rf4+ Ke6 49. Kd2 g5 50. Ra4 Kf5 51. Rd4 f6 52. Ke2 g4 53. hxg4+ hxg4 54. Rd2 Ke4 55. Rd8 R3c4 56. Rd2 Rc6 57. Kf1 Rc3 58. Kg2 R6c4 59. Re1+ Kf5 60. Rc1 Kg5 61. Re2 f5 62. Rd2 f4 63. gxf4+ Kxf4 64. Re2 Rc8 65. Re7 g3 (65... Rb3 $17 66. Re2 Rb2) 66. fxg3+ $1 $11 {The position is equal.} Rxg3+ 67. Kf2 Rgc3 (67... Rg5 {feels hotter.} 68. Ke2 Rg6 69. Rf7+ Ke4 70. Rf2 Rg3) 68. Ke2 Rh3 69. Kd2 Rh2+ 70. Kd3 Rh3+ 71. Kd2 Kf5 {Strongly threatening ...Rh2+.} 72. Rf1+ Kg6 73. Re2 c1=Q+ 74. Rxc1 Rxc1 75. Kxc1 {Accuracy: White = 60%, Black = 66%.} 1/2-1/2